| 000 | 00396nam a22001451a 4500 | ||
|---|---|---|---|
| 082 |
_aH301 007 _bRAM/S |
||
| 100 | _aRam Prasad | ||
| 245 |
_aSatothari hindi kahani meim patra aur charitra chithran/ _cby Ram Prasad |
||
| 260 |
_aAllahabad: _bJai Bharti Prakashan, _c1995. |
||
| 300 | _a288p. | ||
| 650 | _aStories Hindi Study | ||
| 650 | _aLiterature Hindi | ||
| 650 | _aLiterature | ||
| 942 | _cBK | ||
| 999 |
_c40837 _d40837 |
||